Dirección estratégica de recursos humanos (Registro nro. 159)
[ vista simple ]
| 000 -LEADER | |
|---|---|
| fixed length control field | 01305 a2200229 4500 |
| 001 - CONTROL NUMBER | |
| control field | 244 |
| 005 - DATE AND TIME OF LATEST TRANSACTION | |
| control field | 20260407155416.0 |
| 008 - FIXED-LENGTH DATA ELEMENTS--GENERAL INFORMATION | |
| fixed length control field | 260407a2006 arg spa d |
| 003 - CONTROL NUMBER IDENTIFIER | |
| control field | AR-UNSa-BCEJYS |
| 040 ## - CATALOGING SOURCE | |
| Original cataloging agency | AR-UNSa-BCEJYS |
| Language of cataloging | spa |
| Transcribing agency | AR-UNSa-BCEJYS |
| 080 ## - UNIVERSAL DECIMAL CLASSIFICATION NUMBER | |
| Universal Decimal Classification number | 658.3 |
| Common auxiliary subdivision | Personal. Relaciones humanas en la empresa (Recursos Humanos) |
| 020 ## - INTERNATIONAL STANDARD BOOK NUMBER | |
| International Standard Book Number | 978-950-641-477-1 |
| 100 1# - MAIN ENTRY--PERSONAL NAME | |
| Personal name | Alles, Martha Alicia |
| 245 10 - TITLE STATEMENT | |
| Title | Dirección estratégica de recursos humanos |
| Name of part/section of a work | gestión por competencias |
| 250 ## - EDITION STATEMENT | |
| Edition statement | 2a. ed |
| 264 #1 - PRODUCTION, PUBLICATION, DISTRIBUTION, MANUFACTURE, AND COPYRIGHT NOTICE | |
| Place of production, publication, distribution, manufacture | Buenos Aires : |
| Name of producer, publisher, distributor, manufacturer | Granica |
| Date of production, publication, distribution, manufacture, or copyright notice | 2006 |
| 300 ## - PHYSICAL DESCRIPTION | |
| Extent | 445 p. |
| Dimensions | 23 cm |
| 505 ## - FORMATTED CONTENTS NOTE | |
| Formatted contents note | 1. Introducción al estudio de los recursos humanos 2. La gestión de recursos humanos por competencias 3. Análisis y descripción de puestos (job description) 4. Atracción, selección e incorporación de los mejores candidatos 5. Formación 6. Evaluación de desempeño 7. Cuidado del capital intelectual. La función de desarrollo en el área de recursos humanos 8. Remuneraciones y beneficios 9. Plan de jóvenes profesionales 10. El fin de la relación laboral. Renuncias. Despidos. Jubilación |
| 590 ## - LOCAL NOTE (RLIN) | |
| Local note | niveau_biblio:m niveau_hierar:0 |
| 856 41 - ELECTRONIC LOCATION AND ACCESS | |
| Uniform Resource Identifier | <a href="https://biblioeco.unsa.edu.ar/pmb/images/libros/Direccion Estrategica de Recursos Humanos2-l117536.jpg">https://biblioeco.unsa.edu.ar/pmb/images/libros/Direccion Estrategica de Recursos Humanos2-l117536.jpg</a> |
| Link text | Imagen de portada |
| Electronic format type | image/jpeg |
| 942 ## - ADDED ENTRY ELEMENTS (KOHA) | |
| Koha item type | |
| Withdrawn status | Lost status | Damaged status | Not for loan | Home library | Current library | Shelving location | Date acquired | Total checkouts | Full call number | Barcode | Date last seen | Price effective from | Koha item type |
|---|---|---|---|---|---|---|---|---|---|---|---|---|---|
| Biblioteca Prof. Eusebio Cleto del Rey | Biblioteca Prof. Eusebio Cleto del Rey | 07/04/2026 | 658.310.8 A422 2ed. | L117536 | 07/04/2026 | 07/04/2026 | Libro | ||||||
| Biblioteca Prof. Eusebio Cleto del Rey | Biblioteca Prof. Eusebio Cleto del Rey | 07/04/2026 | 658.310.8 A422 2ed. | L117537 | 07/04/2026 | 07/04/2026 | Libro |